[Event "CN Juniori 2012 F14"]
[Site "Calimanesti-Caciulata"]
[Date "2012.04.04"]
[Round "4.1"]
[White "Bulmaga, Elena"]
[Black "Stanciu, Ioana-Georgiana"]
[Result "1-0"]
[WhiteElo "1823"]
[BlackElo "1707"]
[PlyCount "73"]
[EventDate "2012.??.??"]

1. d4 d5 2. c4 e6 3. Nc3 c6 4. e3 f5 5. Nf3 Nd7 6. Bd3 Qf6 7. Bd2 Bd6 8. Rb1
Ne7 9. b4 g5 10. h3 h5 11. e4 dxe4 12. Bxe4 g4 13. Ng5 Nf8 14. Ne2 f4 15. Bxc6+
Nxc6 16. Ne4 Qe7 17. Nxd6+ Qxd6 18. Bxf4 Qe7 19. b5 e5 20. bxc6 exf4 21. O-O f3
22. Nf4 Qf7 23. Re1+ Kd8 24. Qa4 fxg2 25. c7+ Kxc7 26. Re7+ Qxe7 27. Nd5+ Kd8
28. Nxe7 Kxe7 29. Re1+ Kf6 30. Qb4 gxh3 31. Qe7+ Kg6 32. Qe8+ Kh6 33. Qe3+ Kg7
34. Qg5+ Ng6 35. Re7+ Kf8 36. Qf6+ Kg8 37. Qg7# 1-0

[Event "CN Juniori 2012 F14"]
[Site "Calimanesti-Caciulata"]
[Date "2012.04.05"]
[Round "5.2"]
[White "Stanciu, Ioana-Georgiana"]
[Black "Ciungan, Diana Alexandra"]
[Result "1/2-1/2"]
[WhiteElo "1707"]
[BlackElo "1668"]
[PlyCount "118"]
[EventDate "2012.??.??"]

1. e4 e5 2. Nf3 Nc6 3. Bb5 a6 4. Ba4 Nf6 5. d3 b5 6. Bb3 Be7 7. Nbd2 O-O 8. Nf1
d5 9. Qe2 dxe4 10. dxe4 Nd4 11. Nxd4 Qxd4 12. f3 c5 13. c3 Qd6 14. Ng3 c4 15.
Bc2 Qb6 16. Be3 Bc5 17. Bxc5 Qxc5 18. Qf2 Qxf2+ 19. Kxf2 Be6 20. Rhd1 Rfd8 21.
Nf1 Kf8 22. Ne3 g6 23. a4 Rxd1 24. Bxd1 Rb8 25. axb5 Rxb5 26. Rxa6 Rxb2+ 27.
Bc2 Ke7 28. Ke1 Nd7 29. Ra5 Kf6 30. Kd1 Ke7 31. Kc1 Rb8 32. Bd1 Rc8 33. Be2 Kd6
34. Rb5 Rc6 35. Rb4 Nb6 36. g3 f5 37. Kd2 fxe4 38. fxe4 Kc5 39. Ng4 Bxg4 40.
Bxg4 Rd6+ 41. Kc2 Rf6 42. Kc1 Rf1+ 43. Bd1 Re1 44. Kd2 Rh1 45. h4 Rh3 46. Ba4
Nxa4 47. Rxa4 Rxg3 48. Ra7 h5 49. Rc7+ Kd6 50. Rxc4 Rg4 51. Ra4 Rxh4 52. Ra6+
Kc5 53. Ra5+ Kd6 54. Ra6+ Kd7 55. Rxg6 Rxe4 56. Rg5 h4 57. Kd3 Re1 58. Rh5 Kd6
59. Rxh4 Rc1 1/2-1/2

[Event "CN Juniori 2012 F14"]
[Site "Calimanesti-Caciulata"]
[Date "2012.04.05"]
[Round "6.3"]
[White "Bitica, Stefania"]
[Black "Stanciu, Ioana-Georgiana"]
[Result "0-1"]
[WhiteElo "1385"]
[BlackElo "1707"]
[PlyCount "76"]
[EventDate "2012.??.??"]

1. d4 d5 2. Nf3 c6 3. c4 e6 4. Nc3 dxc4 5. e4 b5 6. a4 Bb4 7. Bd2 a5 8. axb5
Bxc3 9. Bxc3 cxb5 10. b3 Bb7 11. d5 Nf6 12. dxe6 Qxd1+ 13. Rxd1 fxe6 14. e5 Ne4
15. Bb2 Nd7 16. bxc4 b4 17. Bd3 Nec5 18. O-O a4 19. Be4 Nxe4 20. Nd2 Nxd2 21.
Rxd2 a3 22. Ba1 b3 23. Bc3 Ba6 24. Rd4 b2 25. Re1 Rc8 26. Bxb2 axb2 27. Rb1
Rxc4 28. Rxc4 Bxc4 29. Rxb2 Kf7 30. g3 g5 31. f3 Kg6 32. Rb4 Bd5 33. f4 Rf8 34.
Kf2 Rc8 35. Rb2 Rc4 36. Ke3 gxf4+ 37. gxf4 Re4+ 38. Kd3 Rxf4 0-1

[Event "CN Juniori 2012 F14"]
[Site "Calimanesti-Caciulata"]
[Date "2012.04.06"]
[Round "7.3"]
[White "Stanciu, Ioana-Georgiana"]
[Black "Bejan, Clarisa-Iustina"]
[Result "1-0"]
[WhiteElo "1707"]
[BlackElo "1527"]
[PlyCount "47"]
[EventDate "2012.??.??"]

1. e4 c5 2. Nf3 e6 3. d3 d6 4. g3 g6 5. Bg2 Bg7 6. Nbd2 Ne7 7. O-O O-O 8. Re1
Nbc6 9. c3 Rb8 10. Nf1 d5 11. e5 d4 12. c4 a6 13. a3 b5 14. b3 a5 15. Qc2 b4
16. a4 Bb7 17. Bf4 Nf5 18. N1d2 Qc7 19. Ne4 Nxe5 20. Nxe5 Bxe4 21. Rxe4 Nd6 22.
Re2 f6 23. Nc6 Rb6 24. Rxe6 1-0

[Event "CN Juniori 2012 F14"]
[Site "Calimanesti-Caciulata"]
[Date "2012.04.07"]
[Round "8.1"]
[White "Stanciu, Ioana-Georgiana"]
[Black "Cusmuliuc, Diana Elena"]
[Result "0-1"]
[WhiteElo "1707"]
[BlackElo "1779"]
[PlyCount "86"]
[EventDate "2012.??.??"]

1. e4 c5 2. Nf3 d6 3. d4 cxd4 4. Nxd4 Nf6 5. Nc3 a6 6. Be2 e5 7. Nb3 Be6 8. f4
Be7 9. f5 Bd7 10. Bg5 Bc6 11. Bxf6 Bxf6 12. Nd5 Bg5 13. O-O Bxd5 14. Qxd5 Qb6+
15. Kh1 Nd7 16. Rad1 Be7 17. c3 Nf6 18. Qd3 Rd8 19. Bf3 h5 20. Qd2 Ng4 21. Bxg4
hxg4 22. Qe2 g3 23. h3 Rh4 24. Qf3 Bf6 25. Rde1 Rf4 26. Qd3 Ke7 27. Rxf4 exf4
28. Qf3 Be5 29. Re2 Rh8 30. Qg4 Qb5 31. Nc1 Qa4 32. b3 Qa3 33. Nd3 Rc8 34. c4
b5 35. f6+ Kd8 36. fxg7 Bxg7 37. Qxg7 bxc4 38. Qf8+ Kc7 39. Qxf7+ Kb6 40. Rc2
Rc7 41. Nb2 Qa5 42. Nxc4+ Rxc4 43. b4 Qxb4 0-1

[Event "CN Juniori 2012 F14"]
[Site "Calimanesti-Caciulata"]
[Date "2012.04.08"]
[Round "9.4"]
[White "Dumitras, Teodora-Iarina"]
[Black "Stanciu, Ioana-Georgiana"]
[Result "0-1"]
[WhiteElo "1657"]
[BlackElo "1707"]
[PlyCount "92"]
[EventDate "2012.??.??"]

1. e4 c5 2. Nf3 e6 3. d4 cxd4 4. Nxd4 Nf6 5. Nc3 d6 6. Bd3 Nc6 7. Nf3 a6 8. O-O
Be7 9. b3 Qc7 10. Bb2 O-O 11. Rc1 b5 12. Ne2 Bb7 13. Ng3 Nb4 14. a3 Na2 15. Ra1
Nc3 16. Bxc3 Qxc3 17. Ne2 Qc7 18. Ng3 Nd7 19. Qd2 Bf6 20. Rab1 g6 21. c4 Nc5
22. cxb5 Nxd3 23. Qxd3 axb5 24. Rfc1 Qb6 25. b4 Rfc8 26. Qb3 Qa6 27. Rd1 Rc3
28. Qa2 Rxa3 29. Qd2 d5 30. e5 Be7 31. Qh6 Bf8 32. Qh4 h6 33. Rdc1 Rc8 34. Rxc8
Bxc8 35. Rc1 Ra1 36. Rxa1 Qxa1+ 37. Nf1 Qa7 38. Qf4 Qe7 39. Qc1 Bb7 40. Nd4
Qxb4 41. Qc7 Qxd4 42. Qxb7 Bc5 43. Qa8+ Kg7 44. Qa2 Qxe5 45. Ng3 b4 46. Qc2 Bb6
0-1

[Event "World Youth Chess Championship - U 14 G"]
[Site "Caldas Novas - Goias - Brasil"]
[Date "2011.11.18"]
[Round "1.1"]
[White "Kostitsina, Liubov"]
[Black "Stanciu, Ioana-Georgiana"]
[Result "1-0"]
[WhiteElo "2055"]
[BlackElo "1712"]
[PlyCount "57"]
[EventDate "2011.11.18"]
[EventRounds "9"]
[EventCountry "BRA"]

1. e4 c5 2. Nf3 e6 3. d4 cxd4 4. Nxd4 Nf6 5. Nc3 d6 6. g4 h6 7. h4 a6 8. Rg1 b5
9. g5 hxg5 10. hxg5 Nfd7 11. g6 Qf6 12. gxf7+ Qxf7 13. Be3 Bb7 14. Qg4 Ne5 15.
Qg3 b4 16. Nce2 Bxe4 17. Nf4 Bf5 18. Bg2 d5 19. Nxd5 Bd6 20. Nf4 Ra7 21. Nxf5
exf5 22. Bxa7 Qxa7 23. O-O-O Qc7 24. Ng6 Rh6 25. Nxe5 Bxe5 26. Rge1 Re6 27. Qb3
Rg6 28. Qg8+ Ke7 29. Bd5 1-0

[Event "World Youth Chess Championship - U 14 G"]
[Site "Caldas Novas - Goias - Brasil"]
[Date "2011.11.20"]
[Round "3.1"]
[White "Stanciu, Ioana-Georgiana"]
[Black "Assaubayeva, Diana"]
[Result "0-1"]
[WhiteElo "1712"]
[BlackElo "1854"]
[PlyCount "64"]
[EventDate "2011.11.18"]
[EventRounds "9"]
[EventCountry "BRA"]

1. e4 d5 2. exd5 Qxd5 3. Nf3 Bg4 4. Be2 Nf6 5. c4 Qe6 6. O-O Nc6 7. b3 O-O-O 8.
Bb2 Bxf3 9. Bxf3 Nd4 10. Bxd4 Rxd4 11. Qc2 Rh4 12. Nc3 Qe5 13. h3 e6 14. Rfe1
Qg5 15. Ne4 Nxe4 16. Rxe4 Rf4 17. Kf1 Bc5 18. Rae1 Qh4 19. R1e2 Rxe4 20. Bxe4
Qf4 21. Qc3 e5 22. Qa5 Bb6 23. Qd5 c6 24. Qd6 Rd8 25. Qe7 h6 26. b4 Bc7 27. d3
Bd6 28. Bf5+ Qxf5 29. Qh4 Qxd3 30. c5 Bc7 31. Qg4+ Kb8 32. Qxg7 Qc4 0-1

[Event "World Youth Chess Championship - U 14 G"]
[Site "Caldas Novas - Goias - Brasil"]
[Date "2011.11.20"]
[Round "4.1"]
[White "Beukema, Louise"]
[Black "Stanciu, Ioana-Georgiana"]
[Result "0-1"]
[WhiteElo "1399"]
[BlackElo "1712"]
[PlyCount "64"]
[EventDate "2011.11.18"]
[EventRounds "9"]
[EventCountry "BRA"]

1. e4 c5 2. Nf3 e6 3. d3 d6 4. g3 Nf6 5. Bg2 Nbd7 6. O-O b5 7. Nbd2 Bb7 8. Qe2
Be7 9. Re1 Qb6 10. c4 b4 11. b3 a5 12. Nf1 a4 13. Be3 Ng4 14. Bd2 Bf6 15. Rac1
axb3 16. axb3 Ra2 17. h3 Nge5 18. Qe3 O-O 19. N1h2 Rfa8 20. Nh4 Rb2 21. Rb1
Raa2 22. Rxb2 Rxb2 23. f4 Nxc4 24. Qf3 Nxd2 25. Qe2 Nxb3 26. Qg4 c4+ 27. Kh1 c3
28. f5 Ne5 29. Qh5 Bxh4 30. gxh4 exf5 31. Qxf5 c2 32. Qg5 Nxd3 0-1

[Event "World Youth Chess Championship - U 14 G"]
[Site "Caldas Novas - Goias - Brasil"]
[Date "2011.11.22"]
[Round "5.1"]
[White "Stanciu, Ioana-Georgiana"]
[Black "Malatsilava, Volha"]
[Result "0-1"]
[WhiteElo "1712"]
[BlackElo "1907"]
[PlyCount "84"]
[EventDate "2011.11.18"]
[EventRounds "9"]
[EventCountry "BRA"]

1. e4 c5 2. Nf3 d6 3. d4 cxd4 4. Nxd4 Nf6 5. Nc3 g6 6. Be3 Bg7 7. f3 O-O 8. Bc4
Nc6 9. Bb3 Bd7 10. Qd2 Rc8 11. O-O-O Ne5 12. g4 b5 13. h4 h5 14. gxh5 Nxh5 15.
Bh6 b4 16. Nce2 Nd3+ 17. Qxd3 Bxh6+ 18. Kb1 a5 19. e5 Kh7 20. e6 fxe6 21. Nxe6
Bxe6 22. Bxe6 Rc5 23. Rhg1 Qe8 24. Rg4 Rf6 25. Bd5 Ng7 26. Rdg1 Nf5 27. h5 e6
28. hxg6+ Kg7 29. Re4 Qd7 30. Bc4 d5 31. Reg4 Qe8 32. Ba6 Qc6 33. Nd4 Nxd4 34.
Qxd4 Rxc2 35. f4 Rc5 36. Bd3 Qc7 37. Rh4 Qb6 38. f5 exf5 39. Rxh6 Rc1+ 40. Kxc1
Qxd4 41. Rh7+ Kg8 42. Rgh1 Qe3+ 0-1

[Event "World Youth Chess Championship - U 14 G"]
[Site "Caldas Novas - Goias - Brasil"]
[Date "2011.11.24"]
[Round "7.1"]
[White "Stanciu, Ioana-Georgiana"]
[Black "Paredes Bustamante, Paula"]
[Result "0-1"]
[WhiteElo "1712"]
[BlackElo "1873"]
[PlyCount "58"]
[EventDate "2011.11.18"]
[EventRounds "9"]
[EventCountry "BRA"]

1. e4 e5 2. Nf3 Nc6 3. Bb5 a6 4. Ba4 Nf6 5. d3 b5 6. Bb3 Be7 7. Nbd2 O-O 8. Nf1
d6 9. c3 d5 10. Qe2 Re8 11. Ng3 Na5 12. Bc2 dxe4 13. dxe4 Bf8 14. O-O c5 15.
Nh4 Qb6 16. Nhf5 Nc4 17. f4 exf4 18. Bxf4 Ne5 19. Nh5 Bxf5 20. Nxf6+ Qxf6 21.
exf5 Nc4 22. Qh5 Nxb2 23. Bc1 Qxc3 24. f6 g6 25. Bxg6 hxg6 26. Qh4 Nc4 27. Bf4
Qd4+ 28. Kh1 Ne3 29. g4 Qe4+ 0-1

[Event "CN Senioare 2011"]
[Site "SARATA - MONTEORU"]
[Date "2011.02.13"]
[Round "2.7"]
[White "Sgircea, Silvia Raluca"]
[Black "Stanciu, Ioana-Georgiana"]
[Result "1-0"]
[WhiteElo "2203"]
[BlackElo "1683"]
[PlyCount "101"]
[EventDate "2011.02.12"]

1. Nf3 d5 2. c4 e6 3. g3 Nf6 4. Bg2 dxc4 5. Qa4+ c6 6. Qxc4 b5 7. Qc2 Bb7 8. d4
Nbd7 9. O-O Be7 10. Rd1 O-O 11. Ne5 Nxe5 12. dxe5 Nd5 13. Nc3 Qb6 14. Ne4 c5
15. Bg5 Nb4 16. Qc1 Bxg5 17. Qxg5 Bxe4 18. Bxe4 h6 19. Qf4 Rad8 20. a3 Nd5 21.
Qf3 Qc6 22. Rac1 Rd7 23. Bb1 Ne7 24. Rxd7 Qxd7 25. Qe4 g6 26. Rxc5 Rc8 27.
Rxc8+ Qxc8 28. Qf4 Qd7 29. Bd3 Kg7 30. Qb4 a6 31. Qd6 Qb7 32. h4 Nf5 33. Qc5 h5
34. Bxf5 exf5 35. Qd4 Kh7 36. f3 Qc7 37. Kf2 Qc8 38. b4 Qe6 39. Qd6 Qc8 40. Qf6
Qb7 41. Qd8 Kg7 42. Ke3 Qc6 43. Qf6+ Qxf6 44. exf6+ Kxf6 45. Kd4 g5 46. f4 gxh4
47. gxh4 Ke6 48. Kc5 f6 49. Kc6 Ke7 50. Kb6 Kd6 51. Kxa6 1-0

[Event "CN Senioare 2011"]
[Site "SARATA - MONTEORU"]
[Date "2011.02.14"]
[Round "3.11"]
[White "Stanciu, Ioana-Georgiana"]
[Black "Vasile , Teodora"]
[Result "0-1"]
[WhiteElo "1683"]
[BlackElo "1987"]
[PlyCount "52"]
[EventDate "2011.02.12"]

1. e4 d6 2. d4 Nf6 3. f3 Nbd7 4. Nc3 e5 5. Nge2 Be7 6. Bg5 c6 7. Qd2 O-O 8.
O-O-O b5 9. Ng3 b4 10. Nce2 Qa5 11. Kb1 Nb6 12. f4 Nc4 13. Qd3 Ba6 14. Qf3 b3
15. Nc3 bxa2+ 16. Ka1 Nxb2 17. Rd2 Nc4 18. Bxc4 Bxc4 19. Nf5 Rfe8 20. Nxe7+
Rxe7 21. fxe5 dxe5 22. Bxf6 gxf6 23. Rhd1 Rb8 24. dxe5 Rb1+ 25. Rxb1 axb1=Q+
26. Kxb1 Rb7+ 0-1

[Event "CN Senioare 2011"]
[Site "SARATA - MONTEORU"]
[Date "2011.02.15"]
[Round "4.16"]
[White "Porcoleanu, Doina Olga"]
[Black "Stanciu, Ioana-Georgiana"]
[Result "0-1"]
[WhiteElo "1811"]
[BlackElo "1683"]
[PlyCount "68"]
[EventDate "2011.02.12"]

1. d4 d5 2. Nf3 Nf6 3. Bf4 c5 4. e3 Qb6 5. Qc1 Bg4 6. Nbd2 e6 7. c3 Nc6 8. Bd3
Be7 9. h3 Bh5 10. O-O O-O 11. Ne5 Rac8 12. dxc5 Bxc5 13. Nb3 Be7 14. Qd2 Nxe5
15. Bxe5 Rfd8 16. f3 Nd7 17. Bg3 e5 18. Qe1 a5 19. Rb1 a4 20. Nc1 Bc5 21. Bf2
Bg6 22. Bxg6 Qxg6 23. Ne2 Nf6 24. Rd1 Qg5 25. Ng3 e4 26. f4 Qg6 27. Qe2 Ne8 28.
Rd2 Qb6 29. Nf5 Nf6 30. Rfd1 g6 31. Nd4 Kg7 32. Bh4 a3 33. b3 Be7 34. Rc2 Rd7 {
Albul a depasit timpul de gandire} 0-1

[Event "CN Senioare 2011"]
[Site "SARATA - MONTEORU"]
[Date "2011.02.16"]
[Round "5.9"]
[White "Stanciu, Ioana-Georgiana"]
[Black "Lolici, Iselin Amanda"]
[Result "0-1"]
[WhiteElo "1683"]
[BlackElo "1988"]
[PlyCount "130"]
[EventDate "2011.02.12"]

1. e4 c5 2. Nf3 Nc6 3. d4 cxd4 4. Nxd4 Nf6 5. Nc3 g6 6. Be3 Bg7 7. Bc4 O-O 8.
Bb3 a5 9. f3 d5 10. Nxd5 Nxd5 11. exd5 Nb4 12. c4 a4 13. Bc2 Qb6 14. Be4 Qc7
15. a3 f5 16. Bb1 Qe5 17. Qe2 Na6 18. f4 Qf6 19. O-O Re8 20. Ba2 Nc5 21. Nb5
Na6 22. Bd4 Qf7 23. Rae1 Bd7 24. Bxg7 Qxg7 25. Nc3 Nc5 26. Qe3 Ne4 27. Nxe4
fxe4 28. Qd2 Bf5 29. Bb1 Rac8 30. Bxe4 Rxc4 31. Bxf5 gxf5 32. Rd1 Rec8 33. d6
exd6 34. Rf2 R4c6 35. Qd5+ Qf7 36. Qb5 Rc1 37. Qxa4 Qd5 38. Rff1 Qc5+ 39. Kh1
d5 40. Rxc1 Qxc1 41. Qd1 Qc4 42. h3 d4 43. Rf3 Rd8 44. Rd3 Qd5 45. Qe2 Qe4 46.
Qd2 Kh8 47. b4 b5 48. Kh2 Qd5 49. Qe2 Qe4 50. Qd2 Rd7 51. Qc2 Qxf4+ 52. g3 Qd6
53. Rf3 d3 54. Qd2 Qd5 55. Rf4 Rc7 56. Qb2+ Kg8 57. Rf2 Qe4 58. Qf6 Rc2 59.
Qg5+ Kf7 60. Qh5+ Kf6 61. Qh6+ Ke5 62. Qg7+ Kd5 63. Qf7+ Kd4 64. Qd7+ Kc3 65.
Qc7+ Kb2 0-1

[Event "CN Senioare 2011"]
[Site "SARATA - MONTEORU"]
[Date "2011.02.17"]
[Round "6.12"]
[White "Miller (Gelip), Ioana"]
[Black "Stanciu, Ioana-Georgiana"]
[Result "1-0"]
[WhiteElo "1952"]
[BlackElo "1683"]
[PlyCount "53"]
[EventDate "2011.02.12"]

1. e4 c5 2. Nc3 e6 3. Nf3 d6 4. d4 cxd4 5. Nxd4 Nf6 6. g4 h6 7. h3 Be7 8. Bg2
Nbd7 9. O-O a6 10. Kh1 Qc7 11. f4 Rb8 12. Qf3 b5 13. a3 Bb7 14. g5 Ng8 15. g6
Bf6 16. gxf7+ Kxf7 17. Be3 Ne7 18. Qg4 Nc5 19. h4 e5 20. fxe5 dxe5 21. Qh5+ Kg8
22. Nf5 Nxf5 23. Rxf5 Rf8 24. Raf1 Ne6 25. Qg6 Qe7 26. h5 Bg5 27. Bc5 1-0

[Event "CN Senioare 2011"]
[Site "SARATA - MONTEORU"]
[Date "2011.02.18"]
[Round "7.15"]
[White "Stanciu, Ioana-Georgiana"]
[Black "Serbanescu, Diana Maria"]
[Result "0-1"]
[WhiteElo "1683"]
[BlackElo "1870"]
[PlyCount "43"]
[EventDate "2011.02.12"]

1. e4 e5 2. Nf3 Nc6 3. Bc4 Nf6 4. d3 Be7 5. Nc3 O-O 6. O-O d6 7. h3 Na5 8. Bb3
Nxb3 9. axb3 c6 10. Be3 a6 11. d4 Qc7 12. d5 cxd5 13. Nxd5 Nxd5 14. exd5 h6 15.
c4 f5 16. Rc1 f4 17. Bd2 Bf6 18. Bc3 g5 19. Nh2 b6 20. Qh5 Bg7 21. Ng4 Kh7 22.
Rfd1 (22. Rfe1 Bf5 23. Nh2 Bg6 24. Qg4 h5 25. Qe2 Rae8 26. f3 Qe7 27. Nf1 Bf5
28. Nd2 Rf6 29. Ne4 Rg6 30. Nf2 g4 31. hxg4 hxg4 32. fxg4 Bxg4 33. Nxg4 Rxg4
34. Qe4+ Kg8 35. Kf2 Bf6 36. Rh1 Qg7 37. Rcg1 Bh4+ 38. Ke2 Rf8 39. Rh3 f3+) 0-1

[Event "CN Senioare 2011"]
[Site "SARATA - MONTEORU"]
[Date "2011.02.19"]
[Round "8.17"]
[White "Moldovan ,  Petruta-Alisia "]
[Black "Stanciu, Ioana-Georgiana"]
[Result "1-0"]
[WhiteElo "1691"]
[BlackElo "1683"]
[PlyCount "79"]
[EventDate "2011.02.12"]

1. e4 c5 2. Nc3 e6 3. Nge2 d6 4. d4 cxd4 5. Nxd4 a6 6. g3 b5 7. Bg2 Bb7 8. O-O
Nf6 9. a3 Nbd7 10. f4 Qc7 11. Kh1 Nc5 12. Re1 h5 13. Qe2 Be7 14. e5 dxe5 15.
fxe5 Nfd7 16. b4 Bxg2+ 17. Qxg2 Nb7 18. Bb2 Rc8 19. g4 h4 20. Rad1 Nd8 21. Nf3
h3 22. Qe2 Nc6 23. g5 g6 24. Nb1 Rh5 25. Qd2 Qb7 26. Kg1 Rd8 27. Qe3 Nb6 28.
Nbd2 Nd5 29. Qe4 Bxg5 30. Kh1 Be7 31. c4 Nc7 32. Nf1 bxc4 33. Qxc4 Nxb4 34.
Rxd8+ Bxd8 35. Re3 Nbd5 36. Rb3 Nb5 37. a4 Qc7 38. Qg4 Qc4 39. Qxc4 Nbc7 40.
Qc6+ 1-0

[Event "CN Senioare 2011"]
[Site "SARATA - MONTEORU"]
[Date "2011.02.20"]
[Round "9.17"]
[White "Stanciu, Ioana-Georgiana"]
[Black "Nastase, Andreea Cristina"]
[Result "1-0"]
[WhiteElo "1683"]
[BlackElo "1482"]
[PlyCount "71"]
[EventDate "2011.02.12"]

1. e4 c5 2. Nf3 d6 3. d4 cxd4 4. Nxd4 Nf6 5. Nc3 e6 6. f3 a6 7. Be3 Qc7 8. Qd2
b5 9. O-O-O Bb7 10. g4 Nfd7 11. h4 Nb6 12. h5 N8d7 13. g5 Ne5 14. Qg2 Rc8 15.
f4 Nec4 16. Bxc4 Nxc4 17. Bg1 Nxb2 18. Ncxb5 axb5 19. Kxb2 Qc3+ 20. Kb1 Qb4+
21. Kc1 e5 22. fxe5 dxe5 23. Nb3 Qxe4 24. Qd2 Qc6 25. Na5 Qc7 26. Bb6 Qe7 27.
Rhe1 f6 28. Qd3 Ba8 29. Qxb5+ Kf7 30. Rd7 Bg2 31. Rxe7+ Bxe7 32. Qb3+ Ke8 33.
c4 e4 34. Qb5+ Kf7 35. Qd5+ Ke8 36. Nc6 1-0

[Event "CN juniori 2011 - F14"]
[Site "Caciulata"]
[Date "2011.04.12"]
[Round "2.5"]
[White "Stanciu, Ioana-Georgiana"]
[Black "Banciu, Bianca-Gabriela"]
[Result "1-0"]
[WhiteElo "1674"]
[BlackElo "1620"]
[PlyCount "77"]
[EventDate "2011.??.??"]

1. e4 d5 2. exd5 Qxd5 3. Nf3 Nf6 4. Be2 Bf5 5. O-O e6 6. d4 Bb4 7. c4 Qd8 8.
Qb3 Nc6 9. a3 Ba5 10. Qxb7 Ne7 11. b4 Rb8 12. Qa6 c6 13. Bf4 Bc7 14. Bxc7 Qxc7
15. Nc3 O-O 16. Qa4 Rfd8 17. Rfd1 Bg4 18. Ne5 Bxe2 19. Nxe2 Nd7 20. Nxd7 Rxd7
21. Rab1 Nf5 22. Qc2 Rbd8 23. Qe4 Nd6 24. Qc2 Nf5 25. Qe4 Nd6 26. Qd3 Nf5 27.
h3 Qd6 28. Qf3 Qc7 29. Qg4 Rd6 30. Rd2 Qd7 31. Rbd1 Ne7 32. Nc3 Nf5 33. d5 exd5
34. cxd5 cxd5 35. Rxd5 Rxd5 36. Rxd5 Nd6 37. Qxd7 Rxd7 38. Ne4 f5 39. Rxd6 1-0

[Event "CN juniori 2011 - F14"]
[Site "Caciulata"]
[Date "2011.04.12"]
[Round "3.2"]
[White "Cusmuliuc, Diana Elena"]
[Black "Stanciu, Ioana-Georgiana"]
[Result "0-1"]
[WhiteElo "1708"]
[BlackElo "1674"]
[PlyCount "92"]
[EventDate "2011.??.??"]

1. e4 c5 2. Nf3 e6 3. d4 cxd4 4. Nxd4 Nf6 5. Nc3 d6 6. g4 h6 7. Bg2 Be7 8. h3
a6 9. f4 Qc7 10. Be3 Nc6 11. Qd2 Bd7 12. O-O-O Na5 13. Bg1 Rc8 14. Qd3 b5 15.
a3 Qc4 16. Qf3 Rb8 17. Bf1 Qc8 18. Nb3 Nxb3+ 19. cxb3 a5 20. Kb1 b4 21. axb4
Rxb4 22. Rc1 Qb7 23. Bg2 Rxb3 24. Qe2 Bc6 25. Rh2 Nd7 26. f5 e5 27. h4 a4 28.
Rc2 a3 29. Bh1 axb2 30. Rxb2 Rxb2+ 31. Qxb2 Qa6 32. Qe2 Qa5 33. Qc4 Qa8 34. Ra2
Qc8 35. Nd5 Bxh4 36. Nb4 Bb7 37. Qb5 O-O 38. Ra7 Nc5 39. Bxc5 dxc5 40. Rxb7
cxb4 41. Qxb4 Qd8 42. Qb3 Qd4 43. Rc7 Qg1+ 44. Rc1 Qxg4 45. Bf3 Qf4 46. Rg1 Bg5
0-1

[Event "CN juniori 2011 - F14"]
[Site "Caciulata"]
[Date "2011.04.13"]
[Round "4.1"]
[White "Stanciu, Ioana-Georgiana"]
[Black "Cosman, Andreea-Marioara"]
[Result "0-1"]
[WhiteElo "1674"]
[BlackElo "1756"]
[PlyCount "108"]
[EventDate "2011.??.??"]

1. e4 e6 2. d4 d5 3. Nc3 dxe4 4. Nxe4 Bd7 5. Nf3 Bc6 6. Bd3 Bxe4 7. Bxe4 c6 8.
c3 Nf6 9. Bc2 Bd6 10. O-O O-O 11. Bg5 Nbd7 12. Qe2 Qc7 13. Rae1 a6 14. Ne5 c5
15. Bxf6 Nxf6 16. dxc5 Bxc5 17. h3 Rad8 18. Rd1 b5 19. a3 Ba7 20. Ng4 Nxg4 21.
Qxg4 Bb8 22. g3 f5 23. Qh4 g6 24. Qg5 Kg7 25. Rfe1 Rxd1 26. Rxd1 f4 27. gxf4
Rxf4 28. Qg2 Ba7 29. Rd2 e5 30. Be4 Rf7 31. Bf3 Qe7 32. Bd5 Rf5 33. Kf1 Be3 34.
Re2 Qc5 35. Ba2 e4 36. Ke1 Rg5 37. Qh2 Bc1 38. Rc2 Bxb2 39. Rxb2 Qxc3+ 40. Kf1
Qc1+ 41. Ke2 Qxb2+ 42. Kf1 Qxa2 43. Qc7+ Kh6 44. Qf4 Qb1+ 45. Ke2 Qd3+ 46. Ke1
Qxh3 47. Qxe4 Qg4 48. Qe7 Qf4 49. Qd7 Rg1+ 50. Ke2 Qe4+ 51. Kd2 Qe1+ 52. Kc2
Qxf2+ 53. Kc3 Qe1+ 54. Kb2 Qc1+ 0-1

[Event "CN juniori 2011 - F14"]
[Site "Caciulata"]
[Date "2011.04.14"]
[Round "5.2"]
[White "Ciungan, Diana Alexandra"]
[Black "Stanciu, Ioana-Georgiana"]
[Result "0-1"]
[WhiteElo "1660"]
[BlackElo "1674"]
[PlyCount "98"]
[EventDate "2011.??.??"]

1. e4 c5 2. Nf3 e6 3. d4 cxd4 4. Nxd4 Nf6 5. Nc3 d6 6. Bd3 Nc6 7. Nxc6 bxc6 8.
O-O Be7 9. Kh1 e5 10. f4 O-O 11. f5 d5 12. Qf3 Kh8 13. Re1 d4 14. Ne2 c5 15. g4
Nd7 16. Qg3 Bh4 17. Qg1 Bxe1 18. Qxe1 f6 19. Qh4 Qc7 20. b3 Bb7 21. Bd2 Nb6 22.
Rg1 c4 23. bxc4 Nxc4 24. Bc1 Ne3 25. g5 Nxf5 26. Qh3 fxg5 27. Rxg5 Ne3 28. Bxe3
dxe3 29. Qxe3 Rf6 30. Qg3 Re8 31. Ng1 Ba6 32. Nf3 Bxd3 33. cxd3 Rfe6 34. Ng1
Ra6 35. d4 Rxa2 36. d5 Ra4 37. Qg4 a5 38. Qf5 Qc4 39. Rg4 Qc8 40. Qg5 Qd7 41.
Rh4 Ra1 42. Qh5 h6 43. Qg6 a4 44. Qa6 a3 45. Kg2 a2 46. Kh1 Qc7 47. Rh3 Rxg1+
48. Kxg1 Qc1+ 49. Kf2 a1=Q 0-1

[Event "CN juniori 2011 - F14"]
[Site "Caciulata"]
[Date "2011.04.14"]
[Round "6.2"]
[White "Stanciu, Ioana-Georgiana"]
[Black "Bracacescu, Raluca-Veronica"]
[Result "1/2-1/2"]
[WhiteElo "1674"]
[BlackElo "1669"]
[PlyCount "92"]
[EventDate "2011.??.??"]

1. e4 d6 2. d4 Nf6 3. f3 g6 4. Be3 Bg7 5. Nc3 O-O 6. Nge2 Nc6 7. Qd2 Re8 8.
O-O-O e5 9. d5 Ne7 10. g4 a6 11. h4 b5 12. Ng3 b4 13. Nce2 a5 14. h5 Ba6 15.
hxg6 fxg6 16. Ng1 Qb8 17. Qh2 a4 18. g5 Nd7 19. Qxh7+ Kf7 20. Qh3 Nf8 21. Qg2
b3 22. a3 bxc2 23. Qxc2 Bxf1 24. Rxf1 Rc8 25. N1e2 c6 26. dxc6 Rxc6 27. Nc3 d5
28. exd5 Nxd5 29. Bd2 Ne6 30. Nge2 Nd4 31. Qd3 Qb3 32. f4 e4 33. Nxd4 exd3 34.
Nxb3 axb3 35. Rh3 Nxc3 36. Bxc3 Bxc3 37. bxc3 Rxc3+ 38. Kd2 Rc5 39. Rxd3 Rxa3
40. Rb1 Ra2+ 41. Ke3 b2 42. Rb3 Rc2 43. Kd3 Rf2 44. Rb4 Ke6 45. Ke3 Rc2 46. Kd3
Rg2 1/2-1/2

[Event "CN juniori 2011 - F14"]
[Site "Caciulata"]
[Date "2011.04.15"]
[Round "7.2"]
[White "Pasniceanu, Iris-Stefania"]
[Black "Stanciu, Ioana-Georgiana"]
[Result "1/2-1/2"]
[WhiteElo "1548"]
[BlackElo "1674"]
[PlyCount "61"]
[EventDate "2011.??.??"]

1. e4 c5 2. Nc3 e6 3. Nf3 d6 4. d4 cxd4 5. Nxd4 Nf6 6. g4 h6 7. Bg2 Nc6 8. Nxc6
bxc6 9. O-O Ba6 10. Re1 Be7 11. Kh1 Qb6 12. Qf3 Nd7 13. Qe3 Qxe3 14. Bxe3 O-O
15. f4 Rab8 16. Rab1 Rb7 17. Bf1 Bxf1 18. Rxf1 Bf6 19. Na4 Rfb8 20. b3 d5 21.
e5 Be7 22. Nb2 c5 23. c4 d4 24. Bd2 f6 25. Nd3 fxe5 26. Nxe5 Nxe5 27. fxe5 Rf8
28. Rxf8+ Bxf8 29. h3 Rf7 30. Kg2 Be7 31. Rf1 1/2-1/2

[Event "CN juniori 2011 - F14"]
[Site "Caciulata"]
[Date "2011.04.16"]
[Round "8.2"]
[White "Moldovan ,  Petruta-Alisia "]
[Black "Stanciu, Ioana-Georgiana"]
[Result "1/2-1/2"]
[WhiteElo "1688"]
[BlackElo "1674"]
[PlyCount "106"]
[EventDate "2011.??.??"]

1. e4 c5 2. Nf3 e6 3. d4 cxd4 4. Nxd4 Nf6 5. Nc3 d6 6. Be3 Nbd7 7. f3 a6 8. Qd2
b5 9. g4 Nc5 10. Bd3 Bb7 11. O-O-O Be7 12. h4 Qc7 13. g5 Nfd7 14. h5 Ne5 15.
Kb1 b4 16. Nce2 d5 17. exd5 Bxd5 18. Rhf1 b3 19. axb3 Nexd3 20. cxd3 Nxb3 21.
Nxb3 Bxb3 22. Rc1 Qb7 23. h6 gxh6 24. gxh6 Qb4 25. Qxb4 Bxb4 26. Bd4 Rg8 27.
Rg1 Kd7 28. Rg7 Rxg7 29. hxg7 Be7 30. Rh1 f6 31. Rxh7 Rg8 32. f4 Ke8 33. Ng3
Bd1 34. Kc1 Bg4 35. Ne4 Kf7 36. Rh6 Kxg7 37. Nxf6 Rc8+ 38. Kd2 Kxh6 39. Nxg4+
Kg6 40. Ne3 Bf6 41. Bxf6 Kxf6 42. Nc4 Rb8 43. Ke3 Kf5 44. Kf3 Rd8 45. Ke3 Rh8
46. Nd6+ Kg4 47. Nc4 Rf8 48. Ne5+ Kg3 49. Nd7 Rxf4 50. Nc5 Rb4 51. Nxa6 Rxb2
52. Nc5 Rb6 53. Ke4 Rd6 1/2-1/2